Score 0/10 Timer 05:00
0 Plays Today
% Correct
Survivor
83.6%
Naked and Afraid
74.1%
Man vs Wild
50.9%
Survivorman
31.9%
Naked and Afraid XL
18.1%
Dual Survival
17.2%
Alone
16.4%
The Colony
15.5%
Man Woman Wild
12.9%
Out of the Wild
7.8%

You're not logged in!

Compare scores with friends on all Sporcle quizzes.
OR
Log In

Sporcle TV

Today on Sporcle TV


Watch our educational content, quiz creation guides, and fun videos on Sporcle TV.

Show Comments

Extras

Top Quizzes Today


Score Distribution

Paid Content

Your Account Isn't Verified!

In order to create a playlist on Sporcle, you need to verify the email address you used during registration. Go to your Sporcle Settings to finish the process.

Report this User

Report this user for behavior that violates our Community Guidelines.

Details: